Hình học họa hình: Lý thuyết và hướng dẫn giải bài tập

Saved in:
Bibliographic Details
Main Author: Nguyễn Văn Hiến
Format: Book
Language:Undetermined
Published: Hà Nội Khoa học và Kỹ thuật 2003
Subjects:
Tags: Add Tag
No Tags, Be the first to tag this record!
Institutions: Trung tâm Học liệu Trường Đại học Cần Thơ
LEADER 00611nam a2200205Ia 4500
001 CTU_101515
008 210402s9999 xx 000 0 und d
020 |c 60000 
082 |a 516.6 
082 |b H305 
100 |a Nguyễn Văn Hiến 
245 0 |a Hình học họa hình: 
245 0 |b Lý thuyết và hướng dẫn giải bài tập 
245 0 |c Nguyễn Văn Hiến 
260 |a Hà Nội 
260 |b Khoa học và Kỹ thuật 
260 |c 2003 
650 |a geometry, descriptive 
904 |i Minh 
980 |a Trung tâm Học liệu Trường Đại học Cần Thơ